000 00617nam a2200253Ia 4500
005 20260121155322.0
008 008 260114s9999 xx 000 0 eng d
020 _a9781315667171
037 _aEBOOK
040 _aCRL
040 _beng
040 _cCRL
041 _2eng
041 _aeng
084 _qCRL
100 _a Sylvie Bacquet
_91018064
245 0 _aReligious Symbols and the Intervention of the Law
260 _bTaylor and Francis
260 _c2020
856 _uhttp://www.taylorfrancis.com/books/9781315667171
942 _cEBOOK
999 _c1584883
_d1584883